000 01226nam a22003737a 4500
003 OSt
005 20230427131642.0
008 221006b |||||||| |||| 00| 0 eng d
040 _cBiblioteca Lado V
082 _a700
_bO48e
100 _9294
_aOlivares, Rosa
_eeditor
245 _aExit/
260 _bOlivares y Asociados S.L.
_aEspaña
_c2003
300 _c21x26cm
_a138p.
366 _espa
490 _v2003
_a12
505 _tEditorial.
505 _tDeclaracion relativa a los fines y objetivos
505 _tRetratos de Marta y Maria
505 _tSantiago Sierra
505 _tEl derecho a la pereza
505 _tLa evolucion del trabajo
505 _tIndice de artistas
505 _tFischli & Weiss
505 _tIndice de artistas
650 _2Tesauro de Arte & Arquitectura
_aARTE
_9703
650 _2Tesauro de Arte & Arquitectura
_aEXPOSICIONES
650 _2Tesauro de Arte & Arquitectura
_aCULTURA
650 _2Tesauro de Arte & Arquitectura
_aAPRECIACION
650 _2Tesauro de Arte & Arquitectura
_aTEORIA
650 _2Tesauro de Arte & Arquitectura
_aLITERATURA
650 _2Tesauro de Arte & Arquitectura
_aESPAÑA
942 _2ddc
_c1
_h700
_iO48e
_n0
999 _c3500
_d3500